000 00712nam a2200229Ia 4500
003 GCL
008 140319s9999 xx 000 0 ara d
040 _aGCL /
_cGCL
082 0 4 _a306
_bج ج
100 1 _aبيرتلس، جارى
245 1 0 _aجنون العولمة /
_cبيرتلس، جارى
250 _aالاولى
260 _aالقاهرة :
_bمركز الاهرام للترجمة والنشر ،
_c1999
300 _a207 ص ؛
_c24 سم
650 0 4 _aالمجتمع
650 0 4 _aالاحوال الاجتماعية
650 0 4 _aالاحوال السياسية
650 0 4 _aالثقافة
650 0 4 _aالاحوال الثقافية
650 0 4 _aالعولمة
942 _2ddc
_cBK
999 _c1560
_d1560